000 00573cam a22002291 4500
001 sa 66001229
003 DLC
005 20260227112220.0
008 950221s1962 ii 000 0 tamo
010 _asa 66001229
025 _aPL480:I-T-586
035 _a(OCoLC)32029576
040 _aDLC
_cCU
_dCU
_dDLC
050 0 0 _aPL4758.1
_b.S2
100 1 _aCampanta Mutaliyār, Pammal,
_d1873-1964.
245 1 0 _aYān̲ kaṇṭa pulavarkaḷ.
250 _a[1st ed.]
260 _c1962.
300 _a100 p.
_c19 cm.
500 _aIn Tamil.
650 0 _aAuthors, Tamil.
999 _c67650
_d67650